Pays ayant au moins 1.000 cas de coronavirus - Statistiques

Statistiques générales
  • Ce quiz a été pris 163 fois
  • Le résultat moyen est 41 sur 60
Statistiques - réponses
Rang Continent Pays Nombre de cas % Correct
1 Amérique du Nord Etats-Unis 337 971
99%
5 Europe France 93 780
98%
6 Asie Chine 82 665
97%
2 Europe Espagne 135 032
97%
20 Europe / Asie Russie 6 343
97%
4 Europe Allemagne 100 186
96%
3 Europe Italie 128 948
96%
32 Asie Japon 3 654
95%
11 Europe Belgique 20 814
93%
16 Amérique du Sud Brésil 11 298
92%
13 Amérique du Nord Canada 15 940
92%
8 Europe Royaume Uni 48 451
88%
21 Océanie Australie 5 797
87%
27 Asie Inde 4 314
87%
50 Amérique du Sud Argentine 1 554
86%
17 Asie Corée du Sud 10 284
85%
19 Europe Suède 7 206
84%
9 Europe / Asie Turquie 27 069
84%
41 Amérique Centrale Mexique 2 143
83%
15 Europe Portugal 11 730
82%
22 Europe Norvège 5 760
81%
12 Europe Pays-Bas 18 917
81%
10 Europe Suisse 21 652
81%
40 Europe Finlande 2 176
79%
28 Europe Pologne 4 201
78%
46 Europe Grèce 1 735
75%
14 Europe Autriche 12 206
73%
7 Asie Iran 60 500
73%
26 Amérique du Sud Chili 4 471
72%
51 Amérique du Sud Colombie 1 485
70%
29 Europe Roumanie 4 057
70%
24 Europe Danemark 4 841
67%
59 Océanie Nouvelle-Zélande 1 106
67%
25 Europe République Tchèque 4 591
67%
53 Europe Ukraine 1 319
67%
23 Europe Irlande 4 994
65%
37 Asie Indonésie 2 491
64%
39 Asie Thailande 2 220
64%
52 Afrique Algérie 1 320
63%
38 Amérique du Sud Pérou 2 281
63%
56 Afrique Egypte 1 173
62%
57 Afrique Maroc 1 113
59%
55 Europe Croatie 1 222
56%
47 Afrique Afrique du Sud 1 655
53%
60 Europe Slovénie 1 021
53%
49 Europe Islande 1 562
52%
44 Europe Serbie 1 908
51%
36 Asie Arabie Saoudite 2 523
50%
35 Europe Luxembourg 2 804
50%
34 Asie Pakistan 3 277
50%
58 Europe Estonie 1 108
44%
33 Amérique du Sud Equateur 3 646
43%
31 Asie Philippines 3 660
43%
30 Asie Malaisie 3 793
41%
43 Amérique Centrale Panama 1 988
41%
18 Asie Israel 8 611
38%
42 Asie Emirats Arabes Unis 2 076
32%
48 Asie Qatar 1 604
30%
54 Asie Singapour 1 309
30%
45 Amérique Centrale République Dominicaine 1 745
11%
Aucun quiz correspondant
Distribution des résultats
% des personnes avec chaque résultat
Percentile par nombre de réponses
Votre historique - résultats
Vous n’avez pas pris ce quiz